| 000 | 00555nam a2200181 4500 | ||
|---|---|---|---|
| 999 |
_c189006 _d189006 |
||
| 005 | 20220609121143.0 | ||
| 010 | _aENG-133158 | ||
| 020 |
_a978-93-80658-71-1 _c835.00 |
||
| 035 | _aEN-116690 | ||
| 037 | _bDBAD/PUB | ||
| 082 | _a835 | ||
| 100 | _aParthasarathy, R. | ||
| 245 |
_aThe Himaayan Musk Deer/ _bParthasarathy, R. |
||
| 260 |
_bEast West Publisher _c2013 _aBangalore |
||
| 270 |
_aNo.36/10(New no.5).Raghava Nagar, New Timar Yard Layout _bBangalore _e560026 |
||
| 300 |
_axix,302p. _c22cm(pbk) |
||
| 942 |
_2ddc _cEN _h835 _mPAR |
||